<?xml version="1.0" encoding="UTF-8"?>
<record
    xmlns:xsi="http://www.w3.org/2001/XMLSchema-instance"
    xsi:schemaLocation="http://www.loc.gov/MARC21/slim http://www.loc.gov/standards/marcxml/schema/MARC21slim.xsd"
    xmlns="http://www.loc.gov/MARC21/slim">

  <leader>00609aas a2200193   4500</leader>
  <datafield tag="999" ind1=" " ind2=" ">
    <subfield code="c">4882</subfield>
    <subfield code="d">4882</subfield>
  </datafield>
  <controlfield tag="003">BR-BrBNA</controlfield>
  <controlfield tag="005">20230317234332.0</controlfield>
  <controlfield tag="007">ta</controlfield>
  <controlfield tag="008">230119b bl ||||| |||| 00| 0 por d</controlfield>
  <datafield tag="040" ind1=" " ind2=" ">
    <subfield code="a">BR-BrBNA</subfield>
    <subfield code="b">Port.</subfield>
    <subfield code="c">BR-BrBNA</subfield>
  </datafield>
  <datafield tag="044" ind1=" " ind2=" ">
    <subfield code="a">bl</subfield>
  </datafield>
  <datafield tag="245" ind1=" " ind2=" ">
    <subfield code="a">Relat&#xF3;rio de Comunica&#xE7;&#xE3;o (Brazil)</subfield>
  </datafield>
  <datafield tag="260" ind1=" " ind2=" ">
    <subfield code="a">Bras&#xED;lia-DF</subfield>
    <subfield code="b">Minist&#xE9;rio da Agricultura, Pecu&#xE1;ria e Abastecimento. Assessoria de Comunica&#xE7;&#xE3;o Social</subfield>
    <subfield code="c">2013</subfield>
    <subfield code="e">BDF</subfield>
  </datafield>
  <datafield tag="270" ind1=" " ind2=" ">
    <subfield code="a">Esplanada dos Minist&#xE9;rios, Bl. D</subfield>
  </datafield>
  <datafield tag="310" ind1=" " ind2=" ">
    <subfield code="a">mensal</subfield>
  </datafield>
  <datafield tag="505" ind1=" " ind2=" ">
    <subfield code="a">2013 (jul-set); 2014 (jan-jun); 2015 (jan); 2016 (fev); </subfield>
  </datafield>
  <datafield tag="909" ind1=" " ind2=" ">
    <subfield code="a">56</subfield>
    <subfield code="b">Sergio Santos</subfield>
    <subfield code="c">56</subfield>
    <subfield code="d">Sergio Santos</subfield>
  </datafield>
  <datafield tag="942" ind1=" " ind2=" ">
    <subfield code="c">CR</subfield>
    <subfield code="2">AGRIS</subfield>
  </datafield>
  <datafield tag="952" ind1=" " ind2=" ">
    <subfield code="0">0</subfield>
    <subfield code="2">AGRIS</subfield>
    <subfield code="4">0</subfield>
    <subfield code="7">1</subfield>
    <subfield code="8">PERI&#xD3;DICOS</subfield>
    <subfield code="a">41918</subfield>
    <subfield code="b">41918</subfield>
    <subfield code="h">2013 (jul-set)</subfield>
    <subfield code="l">0</subfield>
    <subfield code="p">2023-43081</subfield>
    <subfield code="r">2023-03-01</subfield>
    <subfield code="y">CR</subfield>
    <subfield code="1">0</subfield>
  </datafield>
  <datafield tag="952" ind1=" " ind2=" ">
    <subfield code="0">0</subfield>
    <subfield code="2">AGRIS</subfield>
    <subfield code="4">0</subfield>
    <subfield code="7">1</subfield>
    <subfield code="8">PERI&#xD3;DICOS</subfield>
    <subfield code="a">41918</subfield>
    <subfield code="b">41918</subfield>
    <subfield code="h">2014 (jan-jun)</subfield>
    <subfield code="l">0</subfield>
    <subfield code="p">2023-43082</subfield>
    <subfield code="r">2023-03-01</subfield>
    <subfield code="y">CR</subfield>
    <subfield code="1">0</subfield>
  </datafield>
  <datafield tag="952" ind1=" " ind2=" ">
    <subfield code="0">0</subfield>
    <subfield code="2">AGRIS</subfield>
    <subfield code="4">0</subfield>
    <subfield code="7">1</subfield>
    <subfield code="8">PERI&#xD3;DICOS</subfield>
    <subfield code="a">41918</subfield>
    <subfield code="b">41918</subfield>
    <subfield code="h">2015 (jan)</subfield>
    <subfield code="l">0</subfield>
    <subfield code="p">2023-43083</subfield>
    <subfield code="r">2023-03-01</subfield>
    <subfield code="y">CR</subfield>
    <subfield code="1">0</subfield>
  </datafield>
  <datafield tag="952" ind1=" " ind2=" ">
    <subfield code="0">0</subfield>
    <subfield code="2">AGRIS</subfield>
    <subfield code="4">0</subfield>
    <subfield code="7">1</subfield>
    <subfield code="8">PERI&#xD3;DICOS</subfield>
    <subfield code="a">41918</subfield>
    <subfield code="b">41918</subfield>
    <subfield code="h">2016 (fev)</subfield>
    <subfield code="l">0</subfield>
    <subfield code="p">2023-43084</subfield>
    <subfield code="r">2023-03-01</subfield>
    <subfield code="y">CR</subfield>
    <subfield code="1">0</subfield>
  </datafield>
</record>
